000 00776cam a2200229 a 4500
001 000004715
005 20200929151505.0
008 771214s1963 sp b 000 0 spa
035 _a(DLC) 75254256
040 _aDO-SdBNP
_bspa
_cDLC
_dDLC
_dBNPHU
082 _a860.09
_bV139h, 1963.
100 1 _aValbuena Prat, Ángel,
_d1900-1977.
_913731
245 1 0 _aHistoria de la literatura española /
_cÁngel Valbuena Prat.
250 _a7a ed.
260 _aBarcelona :
_bGustavo Gili,
_c[1963].
300 _av. ;
_c23 cm.
500 _aLa biblioteca posee el volúmen 2.
504 _aIncluye referencias bibliográficas y notas al pie de las páginas.
650 4 _aLiteratura española
_xHistoria y crítica
_93904
910 _aCatalogación por copia / LC
049 _aBNGR
999 _c4521
_d4521